Minimalisme - Dessins animés des années 1990 à aujourd'hui - Statistiques

Statistiques générales
  • Ce quiz a été pris 3 886 fois
  • Le résultat moyen est 16 sur 20
Statistiques - réponses
Par images Réponse % Correct
Scooby-Doo
99%
Titeuf
98%
Bob l'éponge
97%
Les simpsons
95%
Tortues ninja
95%
ToyStory
94%
Shrek
89%
Totally spies
88%
Babar
86%
Dora l'exploratrice
86%
Barbapapa
82%
Lucky Luke
79%
Teletubbies
79%
Pokémon
75%
Boule et bill
74%
Rick et morty
68%
Tom et Jerry
58%
Famille pirate
49%
Ratz
36%
Bipbip et Coyotte
28%
Aucun quiz correspondant
Distribution des résultats
% des personnes avec chaque résultat
Percentile par nombre de réponses
Votre historique - résultats
Vous n’avez pas pris ce quiz